| 000 | 00720cam a22002174a 4500 | ||
|---|---|---|---|
| 999 |
_c129962 _d129962 |
||
| 001 | 16537374 | ||
| 005 | 20221231094251.0 | ||
| 008 | 100217s2010 enka b 001 0 eng | ||
| 020 | _a9780470985632 (pbk.) | ||
| 040 | _cPK-LaUMT | ||
| 082 | 0 | 0 |
_a617.1027 _222 _bSPO- |
| 245 | 0 | 0 |
_aSports rehabilitation and injury prevention / _cedited by Paul Comfort and Earle Abrahamson |
| 260 |
_aChichester, West Sussex, UK ; _aHoboken, NJ : _bWiley-Blackwell, _c2010 |
||
| 300 |
_axx, 528 p. : _bill. ; _c26 cm. |
||
| 650 | 0 | _aSports injuries. | |
| 650 | 1 | 2 |
_aAthletic Injuries _xprevention & control. |
| 650 | 1 | 2 |
_aAthletic Injuries _xrehabilitation. |
| 700 | 1 | _aComfort, Paul. | |
| 700 | 1 | _aAbrahamson, Earle. | |
| 942 | _cBK | ||